[Event "13MCR_F"]
[Site "?"]
[Date "1999.??.??"]
[Round "?"]
[White "Bures, Jilji"]
[Black "Kadlec, Antonin"]
[Result "0-1"]
[WhiteElo "2250"]
[BlackElo "2320"]
[PlyCount "94"]
[EventDate "1999.??.??"]
[EventType "corr"]
[Source "Chess Mail Ltd"]
[SourceDate "2005.07.27"]

1. e4 e6 2. d4 d5 3. Nc3 Bb4 4. Nge2 dxe4 5. a3 Be7 6. Nxe4 Nc6 7. Bf4 Nf6 8.
Qd3 O-O 9. O-O-O b6 10. N2c3 Nd5 11. Nxd5 exd5 12. Nc3 Bf6 13. Qg3 Bh4 14. Qf3
Be6 15. Ba6 Qd7 16. h3 Bf6 17. Nb5 Nb8 18. Nxc7 Nxa6 19. Nxa6 Rac8 20. c3 Bf5
21. Nb4 Be4 22. Qg3 a5 23. Nc2 Qa4 24. Rd2 b5 25. Bd6 Rfe8 26. Rhd1 b4 27. axb4
axb4 28. Bxb4 Bxd4 29. Re2 Bf6 30. Rde1 Re6 31. Rxe4 dxe4 32. Qg4 Rd8 33. h4
Qa7 34. Qf4 Ra6 35. Kb1 Qd7 36. Ba3 Ra4 37. g3 h6 38. Kc1 Qd5 39. Qe3 Be5 40.
Qe2 Qb3 41. Na1 Qa2 42. Nc2 Rb8 43. Bb4 Bd6 44. Qxe4 Bxb4 45. cxb4 Rc8 46. Qf5
Qc4 47. Kb1 g6 0-1

[Event "13MCR_F"]
[Site "?"]
[Date "1999.??.??"]
[Round "?"]
[White "Bures, Jilji"]
[Black "Svoboda, Frantisek"]
[Result "0-1"]
[WhiteElo "2250"]
[BlackElo "2445"]
[PlyCount "98"]
[EventDate "1999.??.??"]
[EventType "corr"]
[Source "Chess Mail Ltd"]
[SourceDate "2005.07.27"]

1. e4 e6 2. d4 d5 3. Nc3 Bb4 4. Nge2 dxe4 5. a3 Bxc3+ 6. Nxc3 Nc6 7. Bb5 Nge7
8. Bg5 f6 9. Be3 O-O 10. Qd2 f5 11. f3 exf3 12. gxf3 f4 13. Bf2 e5 14. O-O-O
Nxd4 15. Bxd4 Qxd4 16. Qxd4 exd4 17. Rxd4 Bh3 18. Re1 Ng6 19. Bc4+ Kh8 20. Bd3
Nh4 21. Be4 c6 22. Red1 Ng2 23. R1d2 Ne3 24. Na4 Rac8 25. b3 g5 26. Nc5 Rc7 27.
a4 Kg7 28. Rd6 Rf6 29. Rd8 b6 30. Nd3 Re7 31. Nf2 Be6 32. c4 c5 33. Nd1 Nxd1
34. Rxd1 g4 35. Rg1 h5 36. Rd2 h4 37. fxg4 Bxc4 38. Bc2 Be2 39. Rg2 f3 40. Rf2
h3 41. Bf5 Kh6 42. Rd8 Kg5 43. Kd2 Kf4 44. Bc8 a5 45. Bf5 Re3 46. Kc2 Ba6 47.
Rd5 Bb7 48. Rdd2 Be4+ 49. Bxe4 Rxe4 0-1

[Event "13MCR_F"]
[Site "?"]
[Date "1999.??.??"]
[Round "?"]
[White "Jirku, Jaroslav"]
[Black "Kadlec, Antonin"]
[Result "0-1"]
[WhiteElo "2230"]
[BlackElo "2320"]
[PlyCount "66"]
[EventDate "1999.??.??"]
[EventType "corr"]
[Source "Chess Mail Ltd"]
[SourceDate "2005.07.27"]

1. e4 e6 2. d4 d5 3. Nc3 Bb4 4. e5 c5 5. a3 Bxc3+ 6. bxc3 Ne7 7. Qg4 Qc7 8.
Qxg7 Rg8 9. Qxh7 cxd4 10. Ne2 Nbc6 11. f4 Bd7 12. Qd3 dxc3 13. Qxc3 Nf5 14. Rb1
O-O-O 15. Bd2 d4 16. Qb3 Nce7 17. Rg1 Bc6 18. g3 Bd5 19. Qa4 Nc6 20. Bg2 Bxg2
21. Rxg2 d3 22. Ng1 Rd4 23. Qb3 Rgd8 24. Qc3 Qd7 25. Rb5 Re4+ 26. Kf1 Ne3+ 27.
Bxe3 Rxe3 28. Qd2 Qd4 29. Rb1 Qc4 30. c3 Qc5 31. a4 a6 32. Qd1 Na5 33. Rgb2 Nc4
0-1

[Event "13MCR_F"]
[Site "?"]
[Date "1999.??.??"]
[Round "?"]
[White "Jirku, Jaroslav"]
[Black "Svoboda, Frantisek"]
[Result "1/2-1/2"]
[WhiteElo "2230"]
[BlackElo "2445"]
[PlyCount "46"]
[EventDate "1999.??.??"]
[EventType "corr"]
[Source "Chess Mail Ltd"]
[SourceDate "2005.07.27"]

1. e4 e6 2. d4 d5 3. Nc3 Bb4 4. e5 c5 5. a3 Bxc3+ 6. bxc3 Ne7 7. Qg4 Qc7 8.
Qxg7 Rg8 9. Qxh7 cxd4 10. Ne2 Nbc6 11. f4 Bd7 12. Qd3 dxc3 13. Qxc3 Nf5 14. Rb1
O-O-O 15. Rg1 d4 16. Qd3 f6 17. exf6 e5 18. fxe5 Nxe5 19. Qb3 d3 20. cxd3 Ba4
21. Qe6+ Bd7 22. Qd5 Bc6 23. Qe6+ Bd7 1/2-1/2

[Event "13MCR_F"]
[Site "?"]
[Date "1999.??.??"]
[Round "?"]
[White "Milos, Vladislav"]
[Black "Boukal, Petr"]
[Result "0-1"]
[WhiteElo "2270"]
[BlackElo "2460"]
[PlyCount "78"]
[EventDate "1999.??.??"]
[EventType "corr"]
[Source "Chess Mail Ltd"]
[SourceDate "2005.07.27"]

1. e4 e6 2. d4 d5 3. Nc3 Bb4 4. e5 c5 5. a3 Bxc3+ 6. bxc3 Ne7 7. Qg4 Qc7 8.
Qxg7 Rg8 9. Qxh7 cxd4 10. Ne2 Nbc6 11. f4 dxc3 12. Qd3 Bd7 13. Qxc3 Nf5 14. Rb1
O-O-O 15. Rg1 d4 16. Qb2 f6 17. exf6 e5 18. fxe5 Nxe5 19. Bf4 Bc6 20. Qb3 Rge8
21. f7 Re7 22. Bg5 Ne3 23. Bxe7 Qxe7 24. Ng3 Bd5 25. c4 N5xc4 26. Bxc4 Bxc4 27.
Qb2 Nxg2+ 28. Kd1 Ne3+ 29. Ke1 d3 30. Kd2 Bxf7 31. Rgc1+ Nc4+ 32. Rxc4+ Bxc4
33. Nf5 Qe2+ 34. Kc3 Ba6 35. Qxe2 dxe2 36. Nd4 Rh8 37. Kd2 Rxh2 38. Rc1+ Kd7
39. Rc3 Rh1 0-1

[Event "13MCR_F"]
[Site "?"]
[Date "1999.??.??"]
[Round "?"]
[White "Jerabek, Petr"]
[Black "Svoboda, Frantisek"]
[Result "1/2-1/2"]
[WhiteElo "2280"]
[BlackElo "2445"]
[PlyCount "90"]
[EventDate "1999.??.??"]
[EventType "corr"]
[Source "Chess Mail Ltd"]
[SourceDate "2005.07.27"]

1. d4 e6 2. e4 d5 3. Nc3 Bb4 4. e5 c5 5. a3 Bxc3+ 6. bxc3 Ne7 7. Nf3 Bd7 8. a4
Qa5 9. Bd2 Nbc6 10. Bb5 f6 11. exf6 gxf6 12. O-O c4 13. Re1 a6 14. Bxc6 Nxc6
15. Rb1 O-O-O 16. Qc1 Rdg8 17. Qa3 Qc7 18. Qc5 Rg4 19. Kh1 Rhg8 20. g3 Nd8 21.
Qxc7+ Kxc7 22. a5 Bb5 23. h3 R4g7 24. Bf4+ Kd7 25. Ra1 Kc6 26. Kg2 b6 27. axb6
Kxb6 28. Nd2 a5 29. Nb1 Rb7 30. Bd6 Be8 31. Bc5+ Ka6 32. Na3 Rgg7 33. Rab1 h5
34. h4 Bg6 35. f3 Bf5 36. Kf2 Rh7 37. Kg2 Nc6 38. Kf2 Nb8 39. Ke3 Nd7 40. Rxb7
Kxb7 41. Rb1+ Kc6 42. Ba7 e5 43. Rb5 Rg7 44. Kf2 Bxc2 45. Rxa5 Bd3 1/2-1/2

[Event "13MCR_F"]
[Site "?"]
[Date "1999.??.??"]
[Round "?"]
[White "Bures, Jilji"]
[Black "Vinklarek, Vlastimil"]
[Result "1-0"]
[WhiteElo "2250"]
[BlackElo "2225"]
[PlyCount "73"]
[EventDate "1999.??.??"]
[EventType "corr"]
[Source "Chess Mail Ltd"]
[SourceDate "2005.07.27"]

1. e4 e5 2. Nf3 Nf6 3. Nxe5 d6 4. Nf3 Nxe4 5. d4 d5 6. Bd3 Be7 7. O-O Nc6 8.
Re1 Bf5 9. c4 Nb4 10. Bf1 O-O 11. a3 Nc6 12. Nc3 Nxc3 13. bxc3 dxc4 14. Bxc4
Bd6 15. Bg5 Qd7 16. Nh4 Na5 17. Ba2 Rae8 18. Nxf5 Qxf5 19. Be3 Re7 20. c4 c5
21. Bb1 Qf6 22. dxc5 Be5 23. Ra2 Qh4 24. g3 Qxc4 25. Rc2 Qa4 26. c6 Bb8 27. Bc5
Rxe1+ 28. Qxe1 Rc8 29. Re2 Qxc6 30. Bf5 g6 31. Bxc8 Qxc5 32. Re8+ Kg7 33. Qa1+
f6 34. Be6 Be5 35. Rg8+ Kh6 36. Qf1 Kg5 37. Qd3 1-0

[Event "13MCR_F"]
[Site "?"]
[Date "1999.??.??"]
[Round "?"]
[White "Kostal, Jindrich"]
[Black "Viktora, Zdenek"]
[Result "1/2-1/2"]
[WhiteElo "2280"]
[BlackElo "2300"]
[PlyCount "56"]
[EventDate "1999.??.??"]
[EventType "corr"]
[Source "Chess Mail Ltd"]
[SourceDate "2005.07.27"]

1. e4 e5 2. Nf3 Nf6 3. d4 exd4 4. e5 Ne4 5. Qxd4 d5 6. exd6 Nxd6 7. Nc3 Nc6 8.
Qf4 Bf5 9. Bb5 Qe7+ 10. Be3 Nxb5 11. Nxb5 Qb4+ 12. Qxb4 Bxb4+ 13. c3 Ba5 14. b4
Bd3 15. a4 a6 16. Nbd4 Bb6 17. Nxc6 bxc6 18. Bxb6 cxb6 19. O-O-O O-O-O 20. Ne5
Be4 21. Nxf7 Bxg2 22. Rhe1 Rxd1+ 23. Kxd1 Bf3+ 24. Kc1 Rf8 25. Re7 Bh5 26. Nd6+
Kd8 27. Rxg7 Bg6 28. Nb7+ Kc8 1/2-1/2

[Event "13MCR_F"]
[Site "?"]
[Date "1999.??.??"]
[Round "?"]
[White "Masek, Jan"]
[Black "Jerabek, Petr"]
[Result "1/2-1/2"]
[WhiteElo "2280"]
[BlackElo "2280"]
[PlyCount "62"]
[EventDate "1999.??.??"]
[EventType "corr"]
[Source "Chess Mail Ltd"]
[SourceDate "2005.07.27"]

1. e4 e5 2. Nf3 Nc6 3. d4 exd4 4. Bc4 Nf6 5. e5 d5 6. Bb5 Ne4 7. Nxd4 Bc5 8.
Be3 Bd7 9. Bxc6 bxc6 10. O-O Qe7 11. Re1 O-O 12. f3 Ng5 13. Qd2 f6 14. Nc3 fxe5
15. Bxg5 Qd6 16. Nce2 exd4 17. Nxd4 Rae8 18. c3 Bb6 19. a4 c5 20. Nb5 c4+ 21.
Kh1 Bxb5 22. axb5 Qd7 23. Rxe8 Rxe8 24. Re1 Rxe1+ 25. Qxe1 h6 26. Bf4 Qf5 27.
Be5 Kf7 28. h4 Qc2 29. Kh2 Bf2 30. Qa1 Bb6 31. Qe1 Bf2 1/2-1/2

[Event "13MCR_F"]
[Site "?"]
[Date "1999.??.??"]
[Round "?"]
[White "Vinklarek, Vlastimil"]
[Black "Viktora, Zdenek"]
[Result "1-0"]
[WhiteElo "2225"]
[BlackElo "2300"]
[PlyCount "129"]
[EventDate "1999.??.??"]
[EventType "corr"]
[Source "Chess Mail Ltd"]
[SourceDate "2005.07.27"]

1. e4 e5 2. Nf3 Nf6 3. Nc3 Nc6 4. Bb5 a6 5. Bxc6 dxc6 6. d4 exd4 7. Qxd4 Qxd4
8. Nxd4 Bc5 9. Nb3 Bb6 10. Bg5 O-O 11. f3 Rd8 12. Na4 Ba7 13. Nac5 a5 14. h3 b6
15. Nd3 a4 16. Nd2 Ba6 17. Nb4 Bb7 18. O-O-O c5 19. Nd3 b5 20. b3 axb3 21. axb3
Re8 22. Bxf6 gxf6 23. c3 Red8 24. Kc2 Bb6 25. Ra1 Rab8 26. Rhd1 Rd6 27. Nf1
Rbd8 28. g4 c4 29. bxc4 bxc4 30. Nb2 Rxd1 31. Rxd1 Rxd1 32. Kxd1 Ba6 33. Nd2
Kg7 34. Ndxc4 Bf2 35. Nd3 Ba7 36. Ncb2 Bb5 37. Kd2 c6 38. Nb4 Bb6 39. c4 Ba5
40. Kc3 Ba6 41. N2d3 Bb7 42. Nc5 Ba8 43. Nb3 Bc7 44. Kd3 f5 45. exf5 Kf6 46. c5
Ke7 47. Ke4 Bg3 48. g5 Bh4 49. f4 Be1 50. f6+ Kf8 51. Nd3 Bc3 52. h4 Ke8 53.
Nd4 Bb7 54. h5 Bc8 55. Ne5 Bh3 56. Ndxc6 Bg2+ 57. Kd3 Bb2 58. Ne7 Ba3 59. Nf5
Bd5 60. Nd6+ Kf8 61. g6 hxg6 62. hxg6 fxg6 63. Nxg6+ Kg8 64. Ne7+ Kf8 65. Nxd5
1-0

[Event "13MCR_F"]
[Site "?"]
[Date "1999.??.??"]
[Round "?"]
[White "Boukal, Petr"]
[Black "Jerabek, Petr"]
[Result "1/2-1/2"]
[WhiteElo "2460"]
[BlackElo "2280"]
[PlyCount "63"]
[EventDate "1999.??.??"]
[EventType "corr"]
[Source "Chess Mail Ltd"]
[SourceDate "2005.07.27"]

1. e4 e5 2. Nf3 Nc6 3. Bb5 a6 4. Ba4 Nf6 5. O-O Bc5 6. c3 b5 7. Bc2 d6 8. a4
Bg4 9. h3 Bh5 10. b4 Ba7 11. d3 O-O 12. Nbd2 d5 13. Ba3 Re8 14. Qe2 Qd7 15. Kh2
Ne7 16. Rfe1 dxe4 17. dxe4 Ng6 18. g3 Red8 19. axb5 axb5 20. Red1 Qc8 21. Nb3
Rxd1 22. Bxd1 Bb6 23. Bc2 c6 24. Bc1 Rxa1 25. Nxa1 Qe6 26. Bb3 Qd7 27. Nc2 Bxf2
28. Qxf2 Qd1 29. Ng5 Qxc1 30. Nxf7 Qb2 31. Nh6+ Kh8 32. Nf7+ 1/2-1/2

[Event "13MCR_F"]
[Site "?"]
[Date "1999.??.??"]
[Round "?"]
[White "Milos, Vladislav"]
[Black "Viktora, Zdenek"]
[Result "1/2-1/2"]
[WhiteElo "2270"]
[BlackElo "2300"]
[PlyCount "149"]
[EventDate "1999.??.??"]
[EventType "corr"]
[Source "Chess Mail Ltd"]
[SourceDate "2005.07.27"]

1. e4 e5 2. Nf3 Nc6 3. Bb5 a6 4. Ba4 Nf6 5. O-O Bc5 6. c3 O-O 7. d4 Bb6 8. dxe5
Nxe4 9. Qd5 Nc5 10. Bc2 Ne7 11. Qc4 d6 12. b4 d5 13. Qh4 Ne4 14. Ng5 Bf5 15.
Nxe4 dxe4 16. Bxe4 Bxe4 17. Qxe4 a5 18. b5 Re8 19. e6 fxe6 20. Be3 Qd5 21. Qxd5
Nxd5 22. Bxb6 Nxb6 23. Nd2 Rad8 24. Ne4 Nc4 25. a4 Rd5 26. Rfe1 Red8 27. h3 Kf7
28. Re2 Rd1+ 29. Rxd1 Rxd1+ 30. Kh2 e5 31. Ng5+ Kg6 32. Ne6 Ra1 33. Nxc7 Rxa4
34. Re4 Kf7 35. f3 Ke7 36. Kg3 Kd6 37. Ne8+ Kc5 38. Nxg7 Ra3 39. Rh4 Kxb5 40.
Rxh7 Rxc3 41. Ne6 b6 42. Nc7+ Ka4 43. Nd5 Rc1 44. h4 b5 45. h5 Kb3 46. Rb7 b4
47. h6 Rh1 48. h7 Ka3 49. Rc7 Nd2 50. Ra7 Ka4 51. Kf2 b3 52. Ke3 Nc4+ 53. Kd3
Nb2+ 54. Kd2 Nc4+ 55. Kc3 Nd6 56. Rd7 Rc1+ 57. Kb2 Rc2+ 58. Kb1 Nb5 59. Nb6+
Kb4 60. Nd5+ Ka4 61. Nb6+ Ka3 62. Rd3 Kb4 63. Nd5+ Kc4 64. Rc3+ Rxc3 65. Nb6+
Kd3 66. h8=Q Rc2 67. Qh7+ Ke2 68. Qxc2+ bxc2+ 69. Kxc2 Nd4+ 70. Kc3 Kf2 71. Nc4
Nc6 72. g4 Kxf3 73. g5 e4 74. g6 Ne7 75. g7 1/2-1/2

[Event "13MCR_F"]
[Site "?"]
[Date "1999.??.??"]
[Round "?"]
[White "Boukal, Petr"]
[Black "Hybl, Vladislav"]
[Result "1-0"]
[WhiteElo "2460"]
[BlackElo "2200"]
[PlyCount "97"]
[EventDate "1999.??.??"]
[EventType "corr"]
[Source "Chess Mail Ltd"]
[SourceDate "2005.07.27"]

1. e4 e5 2. Nf3 Nc6 3. Bb5 a6 4. Ba4 Nf6 5. O-O Be7 6. Re1 b5 7. Bb3 O-O 8. a4
Bb7 9. d3 b4 10. a5 Bc5 11. c3 bxc3 12. bxc3 d6 13. Bg5 h6 14. Bh4 g5 15. Bg3
Kg7 16. Bc2 Bc8 17. Nbd2 Bg4 18. h3 Bh5 19. Nc4 Ng8 20. Ne3 Nge7 21. Bh2 Qc8
22. g4 Bg6 23. Nf5+ Kh7 24. Qd2 Rb8 25. Nxe7 Nxe7 26. d4 exd4 27. Nxd4 Re8 28.
Bd3 Qb7 29. Rab1 Qa7 30. Rxb8 Rxb8 31. e5 Bxd4 32. cxd4 Rb3 33. Bc2 Rxh3 34. e6
f6 35. Bxg6+ Kxg6 36. Qc2+ Kg7 37. Qa4 c6 38. Bg3 h5 39. Bxd6 hxg4 40. Rb1 Kg6
41. Rb6 Rc3 42. Qa1 Rh3 43. Qb1+ Nf5 44. Qe4 Rh8 45. e7 Re8 46. Bc5 Qc7 47. d5
cxd5 48. Qe6 Nd6 49. Qxd6 1-0

[Event "13MCR_F"]
[Site "?"]
[Date "1999.??.??"]
[Round "?"]
[White "Boukal, Petr"]
[Black "Masek, Jan"]
[Result "1/2-1/2"]
[WhiteElo "2460"]
[BlackElo "2280"]
[PlyCount "92"]
[EventDate "1999.??.??"]
[EventType "corr"]
[Source "Chess Mail Ltd"]
[SourceDate "2005.07.27"]

1. e4 e5 2. Nf3 Nc6 3. Bb5 a6 4. Ba4 Nf6 5. O-O Be7 6. Re1 b5 7. Bb3 O-O 8. a4
Bb7 9. d3 d6 10. c3 Nd7 11. Nbd2 Nc5 12. axb5 axb5 13. Rxa8 Bxa8 14. Bc2 Ne6
15. Nf1 Ng5 16. b4 Nxf3+ 17. Qxf3 Bb7 18. Bb2 Bg5 19. Ne3 Ne7 20. Bb3 Kh8 21.
Qg4 Ng6 22. Bc1 Bc8 23. Qd1 Be6 24. Bxe6 fxe6 25. g3 Qe7 26. c4 c6 27. Qh5 Qf7
28. Rf1 Bd8 29. Qe2 Bb6 30. Ng2 Bd4 31. cxb5 cxb5 32. Be3 Qa7 33. Rc1 Ra8 34.
Ne1 h6 35. Nc2 Bxe3 36. Nxe3 Kh7 37. Rc6 Qd7 38. Rc1 Ne7 39. Qc2 Rc8 40. Qb2
Nc6 41. Nc2 Qb7 42. Rf1 Qa7 43. Ra1 Qb6 44. Rd1 Kg8 45. Ra1 Rf8 46. Rf1 Ra8
1/2-1/2

[Event "13MCR_F"]
[Site "?"]
[Date "1999.??.??"]
[Round "?"]
[White "Tichy, Josef"]
[Black "Jerabek, Petr"]
[Result "0-1"]
[WhiteElo "2335"]
[BlackElo "2280"]
[PlyCount "76"]
[EventDate "1999.??.??"]
[EventType "corr"]
[Source "Chess Mail Ltd"]
[SourceDate "2005.07.27"]

1. e4 e5 2. Nf3 Nc6 3. Bb5 a6 4. Ba4 Nf6 5. O-O Be7 6. Re1 b5 7. Bb3 O-O 8. a4
Bb7 9. d3 d6 10. Bg5 Nd7 11. Bxe7 Nxe7 12. Nc3 b4 13. Ne2 c5 14. Ng3 Nc6 15. c3
Rb8 16. Bd5 Nf6 17. Bxc6 Bxc6 18. d4 bxc3 19. bxc3 Qc7 20. dxe5 dxe5 21. Qe2
Rb6 22. Qe3 Bd7 23. Qg5 Re8 24. h3 Rb3 25. Nh4 h6 26. Qe3 Qa5 27. Rec1 Be6 28.
Nhf5 Kh7 29. Rc2 c4 30. Qe1 Rd8 31. Ne3 Rd3 32. Nd1 Qb6 33. Kh2 a5 34. f3 Rb1
35. Rc1 Rxc1 36. Rxc1 Qb3 37. Ra1 Nd7 38. Ne2 Qc2 0-1

[Event "13MCR_F"]
[Site "?"]
[Date "1999.??.??"]
[Round "?"]
[White "Tichy, Josef"]
[Black "Jirku, Jaroslav"]
[Result "0-1"]
[WhiteElo "2335"]
[BlackElo "2230"]
[PlyCount "56"]
[EventDate "1999.??.??"]
[EventType "corr"]
[Source "Chess Mail Ltd"]
[SourceDate "2005.07.27"]

1. e4 e5 2. Nf3 Nc6 3. Bb5 a6 4. Ba4 Nf6 5. O-O Be7 6. Re1 b5 7. Bb3 O-O 8. a4
Bb7 9. d3 d6 10. Bg5 Na5 11. Ba2 c5 12. Bxf6 Bxf6 13. Nc3 b4 14. Nd5 Rb8 15.
Nd2 Bg5 16. Ne3 Bc6 17. Ndc4 Nxc4 18. Bxc4 a5 19. Qe2 Qd7 20. Bb3 g6 21. Nc4
Qc7 22. Qg4 h6 23. Ne3 Kh7 24. Nd5 Qd8 25. Ne3 f5 26. exf5 gxf5 27. Qh5 d5 28.
f3 c4 0-1

[Event "13MCR_F"]
[Site "?"]
[Date "1999.??.??"]
[Round "?"]
[White "Tichy, Josef"]
[Black "Masek, Jan"]
[Result "1/2-1/2"]
[WhiteElo "2335"]
[BlackElo "2280"]
[PlyCount "58"]
[EventDate "1999.??.??"]
[EventType "corr"]
[Source "Chess Mail Ltd"]
[SourceDate "2005.07.27"]

1. e4 e5 2. Nf3 Nc6 3. Bb5 a6 4. Ba4 Nf6 5. O-O Be7 6. Re1 b5 7. Bb3 O-O 8. a4
Bb7 9. d3 d6 10. Bg5 Na5 11. Ba2 c5 12. Bxf6 Bxf6 13. Nc3 b4 14. Nd5 b3 15.
Nxf6+ Qxf6 16. Bxb3 Nxb3 17. cxb3 Rab8 18. b4 cxb4 19. Rc1 Rfc8 20. Qb3 a5 21.
Nd2 d5 22. h3 Qf4 23. Rxc8+ Rxc8 24. Qd1 dxe4 25. Nxe4 Bd5 26. Nd6 Rd8 27. Qc2
Qg5 28. Ne4 Qe7 29. Rc1 f6 1/2-1/2

[Event "13MCR_F"]
[Site "?"]
[Date "1999.??.??"]
[Round "?"]
[White "Bures, Jilji"]
[Black "Jerabek, Petr"]
[Result "1-0"]
[WhiteElo "2250"]
[BlackElo "2280"]
[PlyCount "98"]
[EventDate "1999.??.??"]
[EventType "corr"]
[Source "Chess Mail Ltd"]
[SourceDate "2005.07.27"]

1. e4 e5 2. Nf3 Nc6 3. Bb5 a6 4. Ba4 Nf6 5. O-O Be7 6. Re1 b5 7. Bb3 O-O 8. c3
d5 9. exd5 Nxd5 10. Nxe5 Nxe5 11. Rxe5 c6 12. d4 Bd6 13. Re1 Qh4 14. g3 Qh3 15.
Be3 Bg4 16. Qd3 Rae8 17. Nd2 f5 18. f4 Kh8 19. Bxd5 cxd5 20. Qf1 Qh5 21. a4
bxa4 22. Rxa4 g5 23. Raa1 Re6 24. fxg5 Rfe8 25. Qf2 f4 26. gxf4 Bh3 27. Kh1 h6
28. Rxa6 hxg5 29. fxg5 Rf8 30. Qg1 Bg4 31. Rxd6 Rxd6 32. Qg3 Re6 33. h4 Bd1 34.
Bf4 Rxe1+ 35. Qxe1 Bc2 36. Kh2 Kg8 37. Bd6 Re8 38. Be5 Ra8 39. Qf2 Ra1 40. Bg3
Qd1 41. Qg2 Kh7 42. c4 Bf5 43. cxd5 Rc1 44. Ne4 Qxd4 45. Nf6+ Kg7 46. Bf2 Qxb2
47. Qf3 Qe5+ 48. Qg3 Qa1 49. Kg2 Qa6 1-0

[Event "13MCR_F"]
[Site "?"]
[Date "1999.??.??"]
[Round "?"]
[White "Bures, Jilji"]
[Black "Masek, Jan"]
[Result "0-1"]
[WhiteElo "2250"]
[BlackElo "2280"]
[PlyCount "98"]
[EventDate "1999.??.??"]
[EventType "corr"]
[Source "Chess Mail Ltd"]
[SourceDate "2005.07.27"]

1. e4 e5 2. Nf3 Nc6 3. Bb5 a6 4. Ba4 Nf6 5. O-O Be7 6. Re1 b5 7. Bb3 O-O 8. c3
d5 9. exd5 Nxd5 10. Nxe5 Nxe5 11. Rxe5 c6 12. d4 Bd6 13. Re1 Qh4 14. g3 Qh3 15.
Be3 Bg4 16. Qd3 Rae8 17. Nd2 Re6 18. a4 Qh5 19. axb5 axb5 20. Ne4 Bf5 21. Bd2
Rxe4 22. Rxe4 Nf6 23. f3 Qg6 24. Qe3 Bxg3 25. hxg3 Qxg3+ 26. Kf1 Qh2 27. Bc1
Qh1+ 28. Ke2 Nxe4 29. fxe4 Bg4+ 30. Kd2 c5 31. Qf2 c4 32. Bc2 Bf3 33. Ke3 f5
34. e5 f4+ 35. Kd2 Bd5 36. b3 f3 37. Bb2 Qh6+ 38. Kd1 cxb3 39. Bd3 Bc4 40. Be4
Qf4 41. Bc6 g5 42. e6 Bxe6 43. Bxb5 g4 44. Bc1 Qf5 45. Bf1 Kh8 46. d5 g3 47.
Qd4+ Kg8 48. Bd3 f2 49. Bxf5 f1=Q+ 0-1

[Event "13MCR_F"]
[Site "?"]
[Date "1999.??.??"]
[Round "?"]
[White "Jirku, Jaroslav"]
[Black "Jerabek, Petr"]
[Result "0-1"]
[WhiteElo "2230"]
[BlackElo "2280"]
[PlyCount "80"]
[EventDate "1999.??.??"]
[EventType "corr"]
[Source "Chess Mail Ltd"]
[SourceDate "2005.07.27"]

1. e4 e5 2. Nf3 Nc6 3. Bb5 a6 4. Ba4 Nf6 5. O-O Be7 6. Re1 b5 7. Bb3 O-O 8. c3
d5 9. exd5 Nxd5 10. Nxe5 Nxe5 11. Rxe5 c6 12. d4 Bd6 13. Re1 Qh4 14. g3 Qh3 15.
Be3 Bg4 16. Qd3 Rae8 17. Nd2 f5 18. Qf1 Qh5 19. f4 Kh8 20. Bxd5 cxd5 21. a4
bxa4 22. Rxa4 g5 23. Raa1 Re6 24. fxg5 Rfe8 25. Qf2 f4 26. gxf4 Bh3 27. Kh1 h6
28. c4 hxg5 29. fxg5 Rf8 30. Qe2 Qh7 31. Ra3 Bxa3 32. bxa3 Rfe8 33. Qf3 Qf5 34.
Qg3 dxc4 35. Nxc4 Qd5+ 36. Kg1 Qxc4 37. Qxh3+ Kg8 38. Qf5 Qc3 39. Re2 R8e7 40.
Qd5 Qd3 0-1

[Event "13MCR_F"]
[Site "?"]
[Date "1999.??.??"]
[Round "?"]
[White "Jirku, Jaroslav"]
[Black "Masek, Jan"]
[Result "1/2-1/2"]
[WhiteElo "2230"]
[BlackElo "2280"]
[PlyCount "105"]
[EventDate "1999.??.??"]
[EventType "corr"]
[Source "Chess Mail Ltd"]
[SourceDate "2005.07.27"]

1. e4 e5 2. Nf3 Nc6 3. Bb5 a6 4. Ba4 Nf6 5. O-O Be7 6. Re1 b5 7. Bb3 O-O 8. c3
d5 9. exd5 Nxd5 10. Nxe5 Nxe5 11. Rxe5 c6 12. d4 Bd6 13. Re1 Qh4 14. g3 Qh3 15.
Be3 Bg4 16. Qd3 Rae8 17. Nd2 Re6 18. a4 Qh5 19. axb5 axb5 20. Nf1 Bf5 21. Qd1
Bg4 22. Qd2 Qh3 23. f4 Rfe8 24. Bxd5 cxd5 25. Qf2 b4 26. Ra5 bxc3 27. bxc3 Qh5
28. Rea1 Bc7 29. Ra8 Bd8 30. Rb1 Bc7 31. Rxe8+ Rxe8 32. Rb7 Bd6 33. Rb6 Bf8 34.
Rb2 h6 35. Ra2 Qg6 36. Qc2 Bf5 37. Qd1 Bh3 38. Bf2 Qe4 39. Ne3 Rc8 40. Rc2 Rb8
41. Qa1 g5 42. f5 Bxf5 43. Rb2 Rxb2 44. Qxb2 Be6 45. Nf1 f5 46. Qb5 f4 47. Nd2
Qc2 48. Qc6 Bf7 49. Nf3 Qb1+ 50. Ne1 Qf5 51. Qb5 Qe6 52. Qb8 fxg3 53. Qxg3
1/2-1/2

[Event "13MCR_F"]
[Site "?"]
[Date "1999.??.??"]
[Round "?"]
[White "Kostal, Jindrich"]
[Black "Masek, Jan"]
[Result "1/2-1/2"]
[WhiteElo "2280"]
[BlackElo "2280"]
[PlyCount "91"]
[EventDate "1999.??.??"]
[EventType "corr"]
[Source "Chess Mail Ltd"]
[SourceDate "2005.07.27"]

1. e4 e5 2. Nf3 Nc6 3. Bb5 a6 4. Ba4 Nf6 5. O-O Be7 6. Re1 b5 7. Bb3 O-O 8. c3
d5 9. exd5 Nxd5 10. Nxe5 Nxe5 11. Rxe5 c6 12. d4 Bd6 13. Re1 Qh4 14. g3 Qh3 15.
Be3 Bg4 16. Qd3 Rae8 17. Nd2 Re6 18. a4 Qh5 19. axb5 axb5 20. Ne4 Bf5 21. Bd2
Rxe4 22. Rxe4 Nf6 23. f3 Qg6 24. Qe3 Bxg3 25. hxg3 Qxg3+ 26. Kf1 Qh2 27. Bc1
Qh1+ 28. Ke2 Nxe4 29. fxe4 Bg4+ 30. Kd3 Qf1+ 31. Kd2 c5 32. c4 bxc4 33. Ba2 Ra8
34. Kc3 cxd4+ 35. Qxd4 Qe1+ 36. Qd2 Qxe4 37. Qe3 Qc6 38. Qd4 h5 39. Be3 Qf3 40.
Qe5 g6 41. Qd4 Ra4 42. Qf4 Qb7 43. Qe5 Rxa2 44. Rxa2 Qb3+ 45. Kd4 Qxa2 46. Qe8+
1/2-1/2

[Event "13MCR_F"]
[Site "?"]
[Date "1999.??.??"]
[Round "?"]
[White "Boukal, Petr"]
[Black "Jirku, Jaroslav"]
[Result "1-0"]
[WhiteElo "2460"]
[BlackElo "2230"]
[PlyCount "107"]
[EventDate "1999.??.??"]
[EventType "corr"]
[Source "Chess Mail Ltd"]
[SourceDate "2005.07.27"]

1. e4 e5 2. Nf3 Nc6 3. Bb5 a6 4. Ba4 Nf6 5. O-O Be7 6. Re1 b5 7. Bb3 d6 8. c3
O-O 9. d4 Bg4 10. d5 Na5 11. Bc2 c6 12. h3 Bxf3 13. Qxf3 cxd5 14. exd5 Nc4 15.
Nd2 Nb6 16. Nf1 Nbxd5 17. Ng3 Re8 18. Bg5 h6 19. Bd2 Bf8 20. Rad1 Nb6 21. Ne4
Nxe4 22. Qxe4 g6 23. Be3 Nc4 24. Bc1 Qc7 25. h4 f5 26. Qd5+ Qf7 27. Qxf7+ Kxf7
28. h5 Rad8 29. hxg6+ Kf6 30. Rd5 Nb6 31. Rd3 Kxg6 32. g4 Kf7 33. gxf5 d5 34.
Rg3 Nd7 35. Rg6 Nf6 36. Kg2 e4 37. Bf4 h5 38. Bb3 Rd7 39. Bg5 Bg7 40. Kg3 Re5
41. Kf4 Ng4 42. Bh4 Re8 43. Rd1 Bh6+ 44. Bg5 Bxg5+ 45. Kxg5 Red8 46. Rf1 Nh2
47. Rh1 Ng4 48. Rxh5 Nxf2 49. Rf6+ Kg8 50. Rxa6 Rd6 51. Ra7 R6d7 52. Rxd7 Rxd7
53. f6 Nd3 54. Rh4 1-0

[Event "13MCR_F"]
[Site "?"]
[Date "1999.??.??"]
[Round "?"]
[White "Jirku, Jaroslav"]
[Black "Vavrla, Zdenek"]
[Result "0-1"]
[WhiteElo "2230"]
[BlackElo "2480"]
[PlyCount "84"]
[EventDate "1999.??.??"]
[EventType "corr"]
[Source "Chess Mail Ltd"]
[SourceDate "2005.07.27"]

1. e4 e5 2. Nf3 Nc6 3. Bb5 a6 4. Ba4 Nf6 5. O-O Be7 6. Re1 b5 7. Bb3 d6 8. c3
O-O 9. h3 Re8 10. Ng5 Rf8 11. d4 Bb7 12. Nf3 Na5 13. Bc2 Nc4 14. b3 Nb6 15.
Nbd2 Nfd7 16. Nf1 c5 17. Ng3 Re8 18. d5 Nf8 19. Be3 Ng6 20. Nf5 Bc8 21. Nxe7+
Nxe7 22. b4 cxb4 23. cxb4 Nc4 24. Rc1 f6 25. Bb3 Nxe3 26. Rxe3 Ng6 27. Rec3 Nf4
28. Qd2 f5 29. Qe3 fxe4 30. Qxe4 Qf6 31. Bc2 Qh6 32. Bd1 Rf8 33. a3 Bf5 34. Qe3
Qf6 35. Bb3 Qg6 36. Nh4 Qg5 37. g3 Nxh3+ 38. Kh2 Qxe3 39. fxe3 Bg4 40. Ng2 Nf2
41. Rc7 Rf6 42. Re7 Rh6+ 0-1